|
|
|
|
| LEADER |
00000cas a2200000 a 4500 |
| 001 |
vtls001365620 |
| 003 |
SK-MaSNL |
| 005 |
20260228155809.0 |
| 008 |
200401d18621875xo ar 0 0a0hun |
| 035 |
|
|
|a SNK000319275
|
| 040 |
|
|
|a SNK
|b slo
|c SNK
|e AACR2
|
| 041 |
|
|
|a hun
|
| 043 |
|
|
|a e-xo---
|
| 044 |
|
|
|a xo
|c SK
|
| 072 |
|
7 |
|a 373.5/.6
|x Stredné školy
|2 konspekt
|
| 080 |
|
|
|a 373.5+377
|2 2011
|
| 080 |
|
|
|a (437.6)
|2 2011
|
| 080 |
|
|
|a (047)
|2 2011
|
| 245 |
0 |
0 |
|a Ertesítés a selmeci ágost. hitv. evang. kerül. Lyceumról Közzé teszi az ...
|
| 260 |
|
|
|a [Selmecbánya
|b Lyceum]
|c 1862-1875
|
| 300 |
|
|
|a 14 zv.
|c 21 cm
|
| 310 |
|
|
|a 1x ročne
|
| 362 |
0 |
|
|a 1862-1875
|
| 500 |
|
|
|a Súčasťou názvu je označenie školského roku
|
| 610 |
2 |
7 |
|a Evanjelické lýceum v Banskej Štiavnici
|2 SNKKA
|9 215855
|
| 650 |
0 |
7 |
|a stredné školy
|2 SNKPH
|9 1279
|
| 651 |
|
7 |
|a Banská Štiavnica (Slovensko)
|2 SNKPH
|9 16373
|
| 655 |
|
7 |
|a správy
|2 SNKPH
|9 70563
|
| 752 |
|
|
|a Slovensko
|d Banská Štiavnica
|
| 910 |
|
|
|a snk
|
| 916 |
|
|
|a 1861-1873, 1874/75
|
| 999 |
|
|
|c 619
|d 619
|
| 952 |
|
|
|0 0
|1 0
|4 0
|7 1
|8 3
|a SNK
|b SNK
|d 2006-11-03
|f 1
|i snkK 211/83
|l 0
|o snkČSC 193/A/1869-70
|p 17A0523708
|r 2026-02-21 21:10:37
|w 2026-02-21
|y NEVYP
|
| 952 |
|
|
|0 0
|1 0
|4 0
|7 1
|8 3
|a SNK
|b SNK
|d 2006-11-03
|f 1
|i snkK 209/83
|l 0
|o snkČSC 193/A/1868-69
|p 17A0523709
|r 2026-02-21 21:10:37
|w 2026-02-21
|y NEVYP
|
| 952 |
|
|
|0 0
|1 0
|3 rekatalogizácia
|4 0
|7 1
|8 3
|a SNK
|b SNK
|d 2006-11-03
|f 1
|i snkK 207/83
|l 0
|o snkČSC 193/A/1867-68
|p 17A0527138
|r 2026-02-21 21:10:37
|w 2026-02-21
|y NEVYP
|
| 952 |
|
|
|0 0
|1 0
|4 0
|7 1
|8 3
|a SNK
|b SNK
|d 2006-11-03
|f 1
|i snkK 212/[1971]
|l 0
|o snkČSC 193/A/1874-75
|p 17A0527287
|r 2026-02-21 21:10:37
|w 2026-02-21
|y NEVYP
|
| 952 |
|
|
|0 0
|1 0
|4 0
|7 1
|8 5
|a SNK
|b SNK
|d 2006-11-03
|f 1
|i snkF 1175/71
|l 0
|o snkČSC 193/A/1872-73
|p 17A0527288
|r 2026-02-21 21:10:37
|w 2026-02-21
|y NEVYP
|
| 952 |
|
|
|0 0
|1 0
|4 0
|7 1
|8 5
|a SNK
|b SNK
|d 2006-11-03
|f 1
|i snkF 1174/71
|l 0
|o snkČSC 193/A/1871-72
|p 17A0527289
|r 2026-02-21 21:10:37
|w 2026-02-21
|y NEVYP
|
| 952 |
|
|
|0 0
|1 0
|3 rekatalogizácia
|4 0
|7 1
|8 5
|a SNK
|b SNK
|d 2006-11-03
|f 1
|i snkF 1173/71
|l 0
|o snkČSC 193/A/1870-71
|p 17A0527290
|r 2026-02-21 21:10:37
|w 2026-02-21
|y NEVYP
|
| 952 |
|
|
|0 0
|1 0
|4 0
|7 1
|a SNK
|b SNK
|d 1999-06-11
|f 1
|i snkK 198/83
|l 0
|o snkČSC 193/A/1861-62
|p 17A0196395
|r 2005-01-02 00:00:00
|w 2026-02-21
|y NEVYP
|
| 952 |
|
|
|0 0
|1 0
|4 0
|7 1
|8 3
|a SNK
|b SNK
|d 1999-06-11
|f 1
|i snkK 199/83
|l 0
|o snkČSC 193/A/1862-63
|p 17A0196375
|r 2005-01-02 00:00:00
|w 2026-02-21
|y NEVYP
|
| 952 |
|
|
|0 0
|1 0
|4 0
|7 1
|8 3
|a SNK
|b SNK
|d 2017-08-15
|f 1
|i snkK 201/83
|l 0
|o snkČSC 193/A/1863-64
|p 17A0735923
|r 2026-02-21 21:48:19
|w 2026-02-21
|y NEVYP
|
| 952 |
|
|
|0 0
|1 0
|4 0
|7 1
|8 3
|a SNK
|b SNK
|d 2017-08-15
|f 1
|i snkK 202/83
|l 0
|o snkČSC 193/A/1864-65
|p 17A0735922
|r 2026-02-21 21:48:19
|w 2026-02-21
|y NEVYP
|
| 952 |
|
|
|0 0
|1 0
|4 0
|7 1
|8 3
|a SNK
|b SNK
|d 2017-08-15
|f 1
|i snkK 203/83
|l 0
|o snkČSC 193/A/1865-66
|p 17A0735921
|r 2026-02-21 21:48:19
|w 2026-02-21
|y NEVYP
|
| 952 |
|
|
|0 0
|1 0
|4 0
|7 1
|8 3
|a SNK
|b SNK
|d 2017-08-15
|f 1
|i snkK 205/83
|l 0
|o snkČSC 193/A/1866-67
|p 17A0735920
|r 2026-02-21 21:48:19
|w 2026-02-21
|y NEVYP
|
| 952 |
|
|
|0 0
|1 0
|4 0
|7 0
|8 3
|a SNK
|b SNK
|d 2017-08-15
|i snkK 200/83
|l 0
|o snkČSC 193/A/1862-63 D1
|p 17A1263485
|r 2026-02-21 21:48:19
|w 2026-02-21
|y PREZ
|
| 952 |
|
|
|0 0
|1 0
|4 0
|7 0
|8 3
|a SNK
|b SNK
|d 2017-08-15
|i snkK 204/83
|l 0
|o snkČSC 193/A/1865-66 D1
|p 17A1263486
|r 2026-02-21 21:48:19
|w 2026-02-21
|y PREZ
|
| 952 |
|
|
|0 0
|1 0
|4 0
|7 0
|8 3
|a SNK
|b SNK
|d 2017-08-15
|i snkK 206/83
|l 0
|o snkČSC 193/A/1866-67 D1
|p 17A1263487
|r 2026-02-21 21:48:19
|w 2026-02-21
|y PREZ
|
| 952 |
|
|
|0 0
|1 0
|4 0
|7 0
|8 3
|a SNK
|b SNK
|d 2017-08-15
|i snkK 208/83
|l 0
|o snkČSC 193/A/1867-68 D1
|p 17A1263488
|r 2026-02-21 21:48:19
|w 2026-02-21
|y PREZ
|
| 952 |
|
|
|0 0
|1 0
|4 0
|7 0
|8 3
|a SNK
|b SNK
|d 2017-08-15
|i snkK 210/83
|l 0
|o snkČSC 193/A/1868-69 D1
|p 17A1263489
|r 2026-02-21 21:48:19
|w 2026-02-21
|y PREZ
|